FC Barcelona 6-1 victory over PSG starting 11 and subs - Statistics

General Stats
  • This quiz has been taken 1,694 times
  • The average score is 12 of 18
Answer Stats
Answer % Correct
Messi
100%
Neymar
98%
Suarez
97%
Ter Stegen
95%
Iniesta
92%
Pique
92%
Roberto
86%
Alba
85%
Busquets
82%
Rakitic
75%
Mascherano
64%
Umtiti
64%
Rafinha
41%
Gomes
34%
Turan
32%
Cillessen
24%
Alcacer
22%
Digne
21%
No matching quizzes found
Score Distribution
Percent of People with Each Score
Percentile by Number Answered
Your Score History
You have not taken this quiz